The Bodley Head : (Record no. 18597)
[ view plain ]
| 000 -LEADER | |
|---|---|
| fixed length control field | 00885cam a2200277 i 4500 |
| 001 - CONTROL NUMBER | |
| control field | 18597 |
| 003 - CONTROL NUMBER IDENTIFIER | |
| rucl marc code | BD-RjUL |
| 005 - DATE AND TIME OF LATEST TRANSACTION | |
| control field | 20211209000316.0 |
| 008 - FIXED-LENGTH DATA ELEMENTS--GENERAL INFORMATION | |
| fixed length control field | 140220r19621938enk 001 0 eng d |
| 020 ## - INTERNATIONAL STANDARD BOOK NUMBER | |
| International Standard Book Number | 037001376X (v. 5) |
| 035 ## - SYSTEM CONTROL NUMBER | |
| System control number | (BD-RjUL)18655 |
| 040 ## - CATALOGING SOURCE | |
| Original cataloging agency | DLC |
| Transcribing agency | DLC |
| Modifying agency | DLC |
| -- | BD-RjUL |
| Language of cataloging | eng |
| 041 ## - LANGUAGE CODE | |
| Language code of text/sound track or separate title | eng |
| 082 00 - DEWEY DECIMAL CLASSIFICATION NUMBER | |
| Classification number | 823.912 |
| Edition number | 19 |
| Author mark and year | FOB 1962 V-1 |
| 100 1# - MAIN ENTRY--PERSONAL NAME | |
| Personal name | Ford, Ford Madox, |
| Dates associated with a name | 1873-1939. |
| 9 (RLIN) | 53857 |
| 245 14 - TITLE STATEMENT | |
| Title | The Bodley Head : |
| Remainder of title | Ford Madox Ford / |
| Statement of responsibility, etc. | Madox Ford, Ford |
| Number of part/section of a work | Volume 1 : |
| Name of part/section of a work | The Good Solution Selected Memories Poems |
| 260 ## - PUBLICATION, DISTRIBUTION, ETC. (IMPRINT) | |
| Place of publication, distribution, etc. | London : |
| Name of publisher, distributor, etc. | Bodley Head, |
| Date of publication, distribution, etc. | c1938 [Reprinted 1962] |
| 300 ## - PHYSICAL DESCRIPTION | |
| Pagination | 380p. ; |
| Size | 23 cm. |
| 504 ## - BIBLIOGRAPHY, ETC. NOTE | |
| Bibliography, etc | Includes indexes. |
| 505 1# - FORMATTED CONTENTS NOTE | |
| Formatted contents note | --v. 5. Memories and impressions. |
| 600 ## - SUBJECT ADDED ENTRY--PERSONAL NAME | |
| Dates associated with a name | Greene, Graham, -- 1904-1991. |
| 942 ## - ADDED ENTRY ELEMENTS (KOHA) | |
| Source of classification or shelving scheme | Dewey Decimal Classification |
| Koha item type | Books |
| Lost status | Source of classification or shelving scheme | Damaged status | Not for loan | Collection code | Permanent Location | Current Location | Shelving location | Date acquired | Source of acquisition | Cost, normal purchase price | Total Checkouts | Full call number | Date last seen | Copy number | Koha item type |
|---|---|---|---|---|---|---|---|---|---|---|---|---|---|---|---|
| Dewey Decimal Classification | Not For Loan | Fiction | Central Library, University of Rajshahi | Central Library, University of Rajshahi | Reading Room | 23/10/1965 | Blackwell | 25.00 | 823.912 FOB 1962 V-1 | 20/02/2014 | C-1 | Books | |||
| Dewey Decimal Classification | Not For Loan | Fiction | Central Library, University of Rajshahi | Central Library, University of Rajshahi | Reading Room | 11/04/1964 | Zeithlinger. | 25.00 | 823.912 FOB 1962 V-1 | 23/02/2014 | C-1 | Books |